000
00300nam a22001337a 4500
008
171023b xxu||||| |||| 00| 0 eng d
020
_a
9780312073008
041
_a
eng
080
_2
2ND
_a
338
100
_a
54
101
_a
MEN
245
_a
PRACTING PUBLIC MANAGEMENT
_c
MEYER,C.K
942
_2
udc
_c
BK
999
_c
35456
_d
35456